Beyond caring labour to provisioning work / (Record no. 18819)
[ view plain ]
| 000 -LEADER | |
|---|---|
| fixed length control field | 00587cam a2200217 a 4500 |
| 020 ## - INTERNATIONAL STANDARD BOOK NUMBER | |
| ISBN | 9781442643253 (bound) |
| 020 ## - INTERNATIONAL STANDARD BOOK NUMBER | |
| ISBN | 1442643250 (bound) |
| 020 ## - INTERNATIONAL STANDARD BOOK NUMBER | |
| ISBN | 9781442611757 (pbk.) |
| 020 ## - INTERNATIONAL STANDARD BOOK NUMBER | |
| ISBN | 1442611758 (pbk.) |
| 040 ## - CATALOGING SOURCE | |
| Transcribing agency | NLC |
| 082 04 - DEWEY DECIMAL CLASSIFICATION NUMBER | |
| Classification number | 331 INT 2009 C153 Or. |
| 245 00 - TITLE STATEMENT | |
| Title | Beyond caring labour to provisioning work / |
| 300 ## - PHYSICAL DESCRIPTION | |
| Number of Pages | xii, 207 pages ;c ; |
| Dimensions | 23 cm |
| 650 #0 - SUBJECT ADDED ENTRY--TOPICAL TERM | |
| Topical Term | Poor women |
| 650 #0 - SUBJECT ADDED ENTRY--TOPICAL TERM | |
| Topical Term | Poor women |
| 650 #0 - SUBJECT ADDED ENTRY--TOPICAL TERM | |
| Topical Term | Poor women |
| 650 #0 - SUBJECT ADDED ENTRY--TOPICAL TERM | |
| Topical Term | Women in community development |
| 650 #0 - SUBJECT ADDED ENTRY--TOPICAL TERM | |
| Topical Term | Informal sector (Economics) |
| 700 1# - ADDED ENTRY--PERSONAL NAME | |
| Personal name | Neysmith, Sheila |
| 942 ## - ADDED ENTRY ELEMENTS (KOHA) | |
| Koha item type | ADB |
| 952 ## - LOCATION AND ITEM INFORMATION (KOHA) | |
| Withdrawn status [LOCAL, KOHA] | 0 |
| Koha item type | Source of acquisition | Lost status | Permanent Location | Current Location | Date acquired | Full call number |
|---|---|---|---|---|---|---|
| សៀវភៅភាសាអង់គ្លេស | A32991 | Library Block C | Library Block C | 2020-01-28 | 331 INT 2009 C153 Or. |